| 000 | 00426nam a2200181Ia 4500 | ||
|---|---|---|---|
| 001 | 15520 | ||
| 005 | 20260306170202.0 | ||
| 008 | 260306t2011||||xx |||||||||||||| ||und|| | ||
| 041 | _aESP | ||
| 082 |
_a541.369 _bR714 |
||
| 100 |
_aRajput, R.K. _eAUT |
||
| 245 | 0 | _aIngeniería termodinámica | |
| 260 | _c2011 | ||
| 300 |
_axviii, 955 páginas : _c25 cm. |
||
| 650 | _aGEN | ||
| 654 | _aCCN | ||
| 942 |
_cLIB _dJUS _fJUS _2ddc _n |
||
| 999 |
_c15520 _d15520 |
||